000 00622nam a22001935i 4500
001 167699
003 ES-MaACL
005 20230906213558.0
008 050929s1877 gw a | |||||||| ||eng d
040 _aCAM
_bspa
_cCAM
245 0 0 _aVirginia
_b: a roman sketch.
260 _aLeipzig :
_bBernhard Tauchnitz,
_c1877.
300 _a245 p., [1] h. de lám. ;
_c16 cm.
490 1 _aCollection of british authors ;
_v1688
752 _aAlemania -
_dLeipzig
830 0 _aCollection of british authors ;
_v1688
_9180703
852 _aES-MaACL
_jG-13093
_z-- Enc. hol. conservando la cub. original
999 _c167699
_d167699